Pokémon Word Scramble - Hoenn - Statistics

General Stats
  • This quiz has been taken 22 times
  • The average score is 15 of 21
Answer Stats
Pokémon % Correct
Absol
100%
Aggron
100%
Armaldo
100%
Aron
100%
Bagon
100%
Barboach
100%
Blaziken
100%
Breloom
100%
Cacnea
100%
Cradily
100%
Deoxys
100%
Duskull
100%
Dustox
100%
Feebas
100%
Glalie
100%
Gorebyss
100%
Hariyama
100%
Jirachi
100%
Kirlia
100%
Lairon
100%
Latios
100%
Lileep
100%
Loudred
100%
Ludicolo
100%
Luvdisc
100%
Makuhita
100%
Masquerain
100%
Mawile
100%
Metang
100%
Minun
100%
Mudkip
100%
Nincada
100%
Numel
100%
Plusle
100%
Ralts
100%
Rayquaza
100%
Regice
100%
Regirock
100%
Registeel
100%
Sableye
100%
Sealeo
100%
Seedot
100%
Seviper
100%
Shroomish
100%
Shuppet
100%
Skitty
100%
Slaking
100%
Swampert
100%
Torkoal
100%
Vibrava
100%
Wingull
100%
Wynaut
100%
Zigzagoon
100%
Crawdaunt
88%
Exploud
83%
Azurill
80%
Baltoy
80%
Ninjask
80%
Shedinja
80%
Volbeat
80%
Dusclops
75%
Lotad
75%
Meditite
75%
Nosepass
75%
Snorunt
75%
Swablu
75%
Swellow
75%
Altaria
67%
Beautifly
67%
Cascoon
67%
Kecleon
67%
Kyogre
67%
Latias
67%
Mightyena
67%
Pelipper
67%
Roselia
67%
Sceptile
67%
Taillow
67%
Treecko
67%
Walrein
67%
Anorith
60%
Electrike
60%
Spheal
60%
Lombre
56%
Banette
50%
Carvanha
50%
Chimecho
50%
Claydol
50%
Groudon
50%
Grovyle
50%
Medicham
50%
Poochyena
50%
Sharpedo
50%
Shelgon
50%
Surskit
50%
Torchic
50%
Vigoroth
50%
Wailord
50%
Whismur
50%
Wurmple
50%
Castform
33%
Combusken
33%
Corphish
33%
Delcatty
33%
Relicanth
33%
Shiftry
33%
Swalot
33%
Trapinch
33%
Wailmer
33%
Whiscash
33%
Camerupt
25%
Manectric
25%
Metagross
25%
Milotic
25%
Slakoth
25%
Beldum
0%
Cacturne
0%
Clamperl
0%
Flygon
0%
Gardevoir
0%
Grumpig
0%
Gulpin
0%
Huntail
0%
Illumise
0%
Linoone
0%
Lunatone
0%
Marshtomp
0%
Nuzleaf
0%
Salamence
0%
Silcoon
0%
Solrock
0%
Spinda
0%
Spoink
0%
Tropius
0%
Zangoose
0%
No matching quizzes found
Score Distribution
Percent of People with Each Score
Percentile by Number Answered
Your Score History
You have not taken this quiz